| 000 | 00439cam a2200169ua 4500 | ||
|---|---|---|---|
| 020 | _cRs 3.50 | ||
| 041 |
_aeng _h |
||
| 082 |
_a604.21 _bDEV/CI |
||
| 100 | _aDevarajan, V. | ||
| 245 |
_aCivil engineering drawing, Part 1 / _cV Devarajan. _hTextual Documents |
||
| 260 |
_a : _bC M Joseph & Sons Booksellers & Publishers , _c1992. |
||
| 300 | _a75 ; . | ||
| 365 | _aRs 3.50 | ||
| 504 | _a | ||
| 942 | _cBK | ||
| 999 |
_c3253 _d3253 |
||